[Event "CZE-chT2C 2223"]
[Site "Czech Republic"]
[Date "2022.10.16"]
[Round "1.1"]
[White "Vitak, Jiri"]
[Black "Rehorek, Martin"]
[Result "1-0"]
[WhiteElo "2215"]
[BlackElo "2257"]
[PlyCount "85"]
[EventDate "2022.10.16"]
[EventType "team-tourn"]
[EventRounds "11"]
[EventCountry "CZE"]
[SourceTitle "EXT 2024"]
[Source "ChessBase"]
[SourceDate "2023.10.10"]
[SourceVersion "1"]
[SourceVersionDate "2023.10.10"]
[SourceQuality "1"]
[WhiteTeam "Liberec"]
[BlackTeam "Mlada Boleslav"]
[WhiteTeamCountry "CZE"]
[BlackTeamCountry "CZE"]

1. d4 Nf6 2. c4 e6 3. Nf3 d5 4. g3 dxc4 5. Bg2 Nc6 6. Qa4 Bb4+ 7. Bd2 Bxd2+ 8. Nbxd2 0-0 9. Qxc4 a5 10. 0-0 Ra6 11. e3 Rb6 12. b3 Bd7 13. Rfc1 Qe7 14. Qc5 Qxc5 15. Rxc5 Ra8 16. Nc4 Rba6 17. Nfe5 Nxe5 18. dxe5 Nd5 19. Bxd5 exd5 20. Rxc7 dxc4 21. Rxd7 cxb3 22. axb3 Rb6 23. Rxa5 Re8 24. Rc5 Rxb3 25. Rcc7 Rb6 26. Rxf7 Rg6 27. Rxb7 Rxe5 28. Rfe7 Rxe7 29. Rxe7 Rb6 30. Kg2 Kf8 31. Rc7 Rb2 32. g4 h6 33. h4 Rb4 34. Kg3 Re4 35. h5 Re6 36. Ra7 Re4 37. Kf3 Rb4 38. e4 Rb2 39. Ke3 Rb6 40. f3 Rb3+ 41. Kf4 Rc3 42. e5 Rb3 43. Ke4 1-0

[Event "CZE-chT1W 2122"]
[Site "Czech Republic"]
[Date "2021.11.14"]
[Round "3.5"]
[White "Rehorek, Martin"]
[Black "Soural, Jan"]
[Result "0-1"]
[WhiteElo "2319"]
[BlackElo "2159"]
[PlyCount "68"]
[EventDate "2021.10.10"]
[EventType "team-tourn"]
[EventRounds "11"]
[EventCountry "CZE"]
[SourceTitle "EXT 2023"]
[Source "ChessBase"]
[SourceDate "2022.10.05"]
[SourceVersion "1"]
[SourceVersionDate "2022.10.05"]
[SourceQuality "1"]
[WhiteTeam "Unichess"]
[BlackTeam "Pankrac"]
[WhiteTeamCountry "CZE"]
[BlackTeamCountry "CZE"]

1. e4 c5 2. Nf3 Nc6 3. d4 cxd4 4. Nxd4 g6 5. c4 Nf6 6. Nc3 Nxd4 7. Qxd4 d6 8. h3 Bg7 9. Be2 0-0 10. Qe3 Be6 11. Rb1 Qb6 12. Qxb6 axb6 13. a3 Rfc8 14. Nd5 Nxd5 15. cxd5 Bd7 16. Bd3 f5 17. f3 Be5 18. Be3 f4 19. Bd2 Kf7 20. Ke2 Kf6 21. Rhc1 g5 22. Rc4 Rxc4 23. Bxc4 h5 24. Kd3 g4 25. g3 fxg3 26. hxg4 h4 27. f4 Bxb2 28. e5+ dxe5 29. Rxb2 h3 30. fxe5+ Kxe5 31. Bc3+ Kf4 32. Bd2+ Kxg4 33. Kd4 Ra4 34. Bb4 g2 0-1

[Event "CZE-chT1W 2122"]
[Site "Czech Republic"]
[Date "2021.10.10"]
[Round "1.5"]
[White "Rehorek, Martin"]
[Black "Hollan, Petr"]
[Result "0-1"]
[WhiteElo "2319"]
[BlackElo "2293"]
[PlyCount "172"]
[EventDate "2021.10.10"]
[EventType "team-tourn"]
[EventRounds "11"]
[EventCountry "CZE"]
[SourceTitle "EXT 2023"]
[Source "ChessBase"]
[SourceDate "2022.10.05"]
[SourceVersion "1"]
[SourceVersionDate "2022.10.05"]
[SourceQuality "1"]
[WhiteTeam "Unichess"]
[BlackTeam "Praha Oaza"]
[WhiteTeamCountry "CZE"]
[BlackTeamCountry "CZE"]

1. e4 c5 2. Nf3 Nc6 3. d4 cxd4 4. Nxd4 Nf6 5. Nc3 e5 6. Ndb5 d6 7. a4 a6 8. Na3 Bg4 9. Qd3 Be7 10. Qg3 0-0 11. Bd3 Be6 12. 0-0 Nh5 13. Qf3 g6 14. Bh6 Re8 15. Qe3 Rc8 16. Be2 Nf4 17. Bxf4 exf4 18. Qxf4 Bg5 19. Qg3 Nd4 20. Bd3 Bf6 21. Qe3 Qa5 22. Rab1 Rxc3 23. bxc3 Qxc3 24. Qc1 d5 25. e5 Be7 26. Ra1 Rc8 27. Ra2 Nc6 28. Nb1 Qxe5 29. Re1 Qc7 30. Qd1 Ne5 31. h3 Bf6 32. Nd2 Qc3 33. Nb1 Qc5 34. Nd2 Nxd3 35. cxd3 Bf5 36. Nf3 Bc3 37. Rc2 Qf8 38. Ree2 b5 39. axb5 axb5 40. Rc1 b4 41. g4 Bd7 42. d4 Ra8 43. Re3 Qh6 44. Ne5 Be6 45. Rexc3 bxc3 46. Rxc3 Qg5 47. Qc1 Qxc1+ 48. Rxc1 Ra4 49. Rd1 Kg7 50. Kg2 h5 51. gxh5 gxh5 52. Kg3 f6 53. Nf3 Ra3 54. Rh1 Bf5 55. Rg1 Kf7 56. Kf4 Bxh3 57. Rg3 Bg4 58. Nh4 Ra4 59. Rd3 Ra1 60. Rb3 Rd1 61. Rb7+ Ke8 62. f3 Rxd4+ 63. Ke3 Bc8 64. Rb8 Rxh4 65. Rxc8+ Kd7 66. Ra8 Rc4 67. Rh8 h4 68. Rh6 Ke6 69. Rh8 Ra4 70. Ke2 Ke5 71. Rh5+ f5 72. Rh8 Ra2+ 73. Ke3 d4+ 74. Kd3 Rf2 75. Rxh4 Rxf3+ 76. Ke2 Ra3 77. Rh8 Ke4 78. Re8+ Kf4 79. Rg8 Ra2+ 80. Kd3 Kf3 81. Kxd4 f4 82. Kd3 Kf2 83. Rf8 f3 84. Rf7 Kg2 85. Rg7+ Kf1 86. Rf7 f2 0-1

[Event "Pardubice Czech op-E 32nd"]
[Site "Pardubice"]
[Date "2021.07.17"]
[Round "5.1"]
[White "Rehorek, Martin"]
[Black "Stein, Robert"]
[Result "1/2-1/2"]
[WhiteElo "2327"]
[BlackElo "2325"]
[PlyCount "115"]
[EventDate "2021.07.15"]
[EventType "team-swiss"]
[EventRounds "7"]
[EventCountry "CZE"]
[SourceTitle "CBM 203 Extra"]
[Source "ChessBase"]
[SourceDate "2021.09.30"]
[SourceVersion "1"]
[SourceVersionDate "2021.09.30"]
[SourceQuality "1"]
[WhiteTeam "Bakov nad Jizerou"]
[BlackTeam "Sachsen Anhalt"]
[WhiteTeamCountry "CZE"]
[BlackTeamCountry "GER"]

1. e4 e5 2. Nf3 Nc6 3. d4 exd4 4. Nxd4 Bc5 5. Nb3 Bb4+ 6. Bd2 a5 7. a3 Be7 8. Bc3 Bf6 9. Bc4 d6 10. 0-0 Bxc3 11. Nxc3 Nf6 12. Nd4 Nxd4 13. Qxd4 0-0 14. Rfe1 Nd7 15. Rad1 Ne5 16. Be2 Nc6 17. Qe3 f5 18. f4 fxe4 19. Nxe4 Kh8 20. Bc4 Bf5 21. Ng5 Qf6 22. c3 h6 23. Nf3 Bg4 24. Bd5 Qxf4 25. Bxc6 Qxe3+ 26. Rxe3 bxc6 27. Rd4 Bxf3 28. gxf3 c5 29. Rg4 Rae8 30. Kf2 Rb8 31. Re2 Rf7 32. Ra4 Rb5 33. Kg3 d5 34. c4 Rb3 35. cxd5 Rbxf3+ 36. Kg2 R3f5 37. h4 Rxd5 38. Rxa5 Rd4 39. Rxc5 Rxh4 40. Rec2 Rd4 41. b4 Rd3 42. R5c3 Rxc3 43. Rxc3 Kh7 44. a4 Rf4 45. Rb3 c5 46. bxc5 Rc4 47. a5 Rxc5 48. Ra3 Rc7 49. a6 Ra7 50. Kf3 g5 51. Ra5 Kg6 52. Kg4 h5+ 53. Kg3 Kh6 54. Kh3 Kg6 55. Kg3 Kf6 56. Kh3 Ke6 57. Rxg5 Kd6 58. Rxh5 1/2-1/2

[Event "CZE-chT2C 1920"]
[Site "Czech Republic"]
[Date "2020.06.28"]
[Round "11.1"]
[White "Belaska, Premysl"]
[Black "Rehorek, Martin"]
[Result "0-1"]
[WhiteElo "2238"]
[BlackElo "2292"]
[PlyCount "54"]
[EventDate "2019.10.13"]
[EventType "team-tourn"]
[EventRounds "11"]
[EventCountry "CZE"]
[SourceTitle "EXT 2024"]
[Source "ChessBase"]
[SourceDate "2023.10.10"]
[SourceVersion "1"]
[SourceVersionDate "2023.10.10"]
[SourceQuality "1"]
[WhiteTeam "Liberec Desko"]
[BlackTeam "Mlada Boleslav"]
[WhiteTeamCountry "CZE"]
[BlackTeamCountry "CZE"]

1. d4 Nf6 2. c4 e6 3. Nc3 Bb4 4. Qc2 c5 5. dxc5 Bxc5 6. e3 b6 7. a3 Bb7 8. Nh3 0-0 9. Nf4 Nc6 10. Be2 Ne5 11. 0-0 Rc8 12. Rd1 Qc7 13. b3 Neg4 14. b4 Be7 15. Qa4 Bc6 16. Qb3 a6 17. f3 Ne5 18. Nd3 Bb7 19. Nxe5 Qxe5 20. e4 Qc7 21. Bb2 Bd6 22. g3 h5 23. Kg2 h4 24. Rxd6 Qxd6 25. e5 h3+ 26. Kf1 Qxe5 27. Ne4 Nxe4 0-1

[Event "CZE-chT1W 1920"]
[Site "Czech Republic"]
[Date "2020.06.14"]
[Round "11.7"]
[White "Rehorek, Martin"]
[Black "Juptner, Jan"]
[Result "1/2-1/2"]
[WhiteElo "2292"]
[BlackElo "2294"]
[PlyCount "44"]
[EventDate "2019.10.20"]
[EventType "team-tourn"]
[EventRounds "11"]
[EventCountry "CZE"]
[SourceTitle "EXT 2021"]
[Source "ChessBase"]
[SourceDate "2020.10.23"]
[SourceVersion "1"]
[SourceVersionDate "2020.10.23"]
[SourceQuality "1"]
[WhiteTeam "Unichess"]
[BlackTeam "Lysa nad Labem III"]
[WhiteTeamCountry "CZE"]
[BlackTeamCountry "CZE"]

1. e4 c5 2. Nf3 d6 3. d4 cxd4 4. Nxd4 Nf6 5. Nc3 a6 6. Bg5 Nbd7 7. Bc4 Qb6 8. Bb3 e6 9. Qd2 Nc5 10. f3 Bd7 11. 0-0-0 Qc7 12. Kb1 Be7 13. g4 b5 14. a3 Qb7 15. Rhe1 0-0 16. f4 Nfxe4 17. Nxe4 Nxe4 18. Rxe4 Bxg5 19. Ree1 Bf6 20. f5 exf5 21. Nxf5 Bxf5 22. gxf5 Rad8 1/2-1/2

[Event "CZE-chT2C 1920"]
[Site "Czech Republic"]
[Date "2020.02.23"]
[Round "9.1"]
[White "Jelinek, Michal"]
[Black "Rehorek, Martin"]
[Result "0-1"]
[WhiteElo "2125"]
[BlackElo "2292"]
[PlyCount "96"]
[EventDate "2019.10.13"]
[EventType "team-tourn"]
[EventRounds "11"]
[EventCountry "CZE"]
[SourceTitle "EXT 2024"]
[Source "ChessBase"]
[SourceDate "2023.10.10"]
[SourceVersion "1"]
[SourceVersionDate "2023.10.10"]
[SourceQuality "1"]
[WhiteTeam "Praha Oaza II"]
[BlackTeam "Mlada Boleslav"]
[WhiteTeamCountry "CZE"]
[BlackTeamCountry "CZE"]

1. d4 Nf6 2. c4 e6 3. Nf3 Bb4+ 4. Nbd2 0-0 5. e3 Be7 6. Bd3 c5 7. 0-0 Nc6 8. b3 b6 9. Bb2 Bb7 10. Qe2 d6 11. Rad1 a5 12. Bb1 cxd4 13. exd4 d5 14. Ne5 dxc4 15. Ndxc4 Nb4 16. f4 g6 17. a4 Nbd5 18. Rd3 Nh5 19. Bc1 f5 20. g4 Nhf6 21. g5 Nh5 22. Rh3 Ndxf4 23. Bxf4 Nxf4 24. Rxf4 Bxg5 25. Rf2 Qxd4 26. Rd3 Qc5 27. Nd7 Qc6 28. Rff3 Rfd8 29. Nce5 Qc7 30. Rg3 Rac8 31. Nc4 Qc6 32. Rxg5 Rxd7 33. Rxd7 Qxd7 34. Qd3 Qe7 35. Rg3 f4 36. Rg4 Rd8 37. Qe2 f3 38. Qc2 Qc5+ 39. Kf1 Qh5 40. Ne3 Ba6+ 41. Ke1 Rd3 42. Re4 Qg5 43. Qf2 Rc3 44. Kd2 Rc8 45. Bc2 Qc5 46. Qxf3 Qc3+ 47. Kc1 Qa1+ 48. Kd2 Rd8+ 0-1

[Event "CZE-chT2C 1920"]
[Site "Czech Republic"]
[Date "2020.01.12"]
[Round "6.1"]
[White "Rehorek, Martin"]
[Black "Voloshin, Leonid"]
[Result "1/2-1/2"]
[WhiteElo "2292"]
[BlackElo "2362"]
[PlyCount "38"]
[EventDate "2019.10.13"]
[EventType "team-tourn"]
[EventRounds "11"]
[EventCountry "CZE"]
[SourceTitle "EXT 2024"]
[Source "ChessBase"]
[SourceDate "2023.10.10"]
[SourceVersion "1"]
[SourceVersionDate "2023.10.10"]
[SourceQuality "1"]
[WhiteTeam "Mlada Boleslav"]
[BlackTeam "Bakov nad Jizerou"]
[WhiteTeamCountry "CZE"]
[BlackTeamCountry "CZE"]

1. e4 e5 2. Nf3 Nc6 3. Bb5 Nf6 4. d3 d6 5. a4 g6 6. a5 a6 7. Bc4 Bg7 8. Nc3 h6 9. Be3 Be6 10. Bxe6 fxe6 11. d4 exd4 12. Nxd4 Qd7 13. f3 0-0 14. 0-0 Nh5 15. Nde2 g5 16. Qd2 Ne5 17. b3 Kh7 18. Rad1 Qf7 19. Na4 Nc6 1/2-1/2

[Event "CZE-chT1W 1920"]
[Site "Czech Republic"]
[Date "2019.11.24"]
[Round "3.5"]
[White "Rehorek, Martin"]
[Black "Rubes, Jan"]
[Result "1-0"]
[WhiteElo "2292"]
[BlackElo "2363"]
[PlyCount "133"]
[EventDate "2019.10.20"]
[EventType "team-tourn"]
[EventRounds "11"]
[EventCountry "CZE"]
[SourceTitle "CBM 193 Extra"]
[Source "ChessBase"]
[SourceDate "2020.01.31"]
[SourceVersion "1"]
[SourceVersionDate "2020.01.31"]
[SourceQuality "1"]
[WhiteTeam "Unichess"]
[BlackTeam "Neratovice"]
[WhiteTeamCountry "CZE"]
[BlackTeamCountry "CZE"]

1. e4 c5 2. Nf3 Nc6 3. d4 cxd4 4. Nxd4 e5 5. Nb5 d6 6. a4 Be7 7. N1c3 a6 8. Na3 Nf6 9. Be3 Ng4 10. Nc4 Nxe3 11. Nxe3 0-0 12. Ncd5 Be6 13. h4 Rb8 14. c3 Re8 15. g3 Bf8 16. Bc4 b5 17. axb5 axb5 18. Bb3 b4 19. Ba4 Bd7 20. Bxc6 Bxc6 21. cxb4 Bb5 22. f3 Rb7 23. Kf2 h5 24. Ra3 Bd7 25. Qd3 g6 26. Qa6 Rb8 27. g4 hxg4 28. fxg4 Be7 29. g5 Kg7 30. Qa5 Rh8 31. Qxd8 Bxd8 32. Kg2 Bb6 33. Nc4 Bd4 34. Nxd6 Be6 35. Nc7 Rxb4 36. Nxe6+ fxe6 37. Rf1 Rxb2+ 38. Kg3 Rd8 39. Nf7 Rf8 40. Raf3 Rb7 41. Nh6 Rxf3+ 42. Rxf3 Bb2 43. Ng4 Rb4 44. Nf6 Bc1 45. Rc3 Bf4+ 46. Kf3 Kf8 47. Rc8+ Ke7 48. Rc7+ Kd8 49. Rd7+ Kc8 50. Rd3 Rb1 51. Ng8 Rb7 52. Kg4 Kb8 53. Rd8+ Kc7 54. Rd3 Kb8 55. Nf6 Rb1 56. Nd7+ Ka7 57. Nf8 Rg1+ 58. Kf3 Rg3+ 59. Ke2 Rg2+ 60. Kf1 Rg4 61. Nxg6 Bg3 62. Kg2 Bxh4+ 63. Kh3 Rxg5 64. Nxh4 Kb6 65. Nf3 Rg8 66. Nxe5 Kc5 67. Ng4 1-0

[Event "CZE-chT2C 1920"]
[Site "Czech Republic"]
[Date "2019.11.03"]
[Round "2.1"]
[White "Rehorek, Martin"]
[Black "Zilka, Stepan"]
[Result "1/2-1/2"]
[WhiteElo "2292"]
[BlackElo "2551"]
[PlyCount "64"]
[EventDate "2019.10.13"]
[EventType "team-tourn"]
[EventRounds "11"]
[EventCountry "CZE"]
[SourceTitle "EXT 2024"]
[Source "ChessBase"]
[SourceDate "2023.10.10"]
[SourceVersion "1"]
[SourceVersionDate "2023.10.10"]
[SourceQuality "1"]
[WhiteTeam "Mlada Boleslav"]
[BlackTeam "Kutna Hora"]
[WhiteTeamCountry "CZE"]
[BlackTeamCountry "CZE"]

1. e4 e5 2. Nf3 Nc6 3. d4 exd4 4. Nxd4 Nf6 5. Nc3 Bb4 6. Nxc6 bxc6 7. Bd3 d5 8. exd5 cxd5 9. 0-0 0-0 10. Bg5 c6 11. Qf3 Bd6 12. h3 Rb8 13. Rab1 h6 14. Bxf6 Qxf6 15. Qxf6 gxf6 16. Ne2 c5 17. b3 Be6 18. c4 dxc4 19. Bxc4 Bxc4 20. bxc4 Rb4 21. Rfd1 Be5 22. f4 Bc7 23. Rxb4 cxb4 24. c5 a5 25. Rd7 Rc8 26. Kf2 a4 27. Ke3 b3 28. axb3 axb3 29. Rd2 Re8+ 30. Kd3 Rd8+ 31. Ke3 Re8+ 32. Kd3 Rd8+ 1/2-1/2

[Event "CZE-chT2C 1920"]
[Site "Czech Republic"]
[Date "2019.10.13"]
[Round "1.1"]
[White "Schula, Michal"]
[Black "Rehorek, Martin"]
[Result "1/2-1/2"]
[WhiteElo "2273"]
[BlackElo "2292"]
[PlyCount "101"]
[EventDate "2019.10.13"]
[EventType "team-tourn"]
[EventRounds "11"]
[EventCountry "CZE"]
[SourceTitle "EXT 2024"]
[Source "ChessBase"]
[SourceDate "2023.10.10"]
[SourceVersion "1"]
[SourceVersionDate "2023.10.10"]
[SourceQuality "1"]
[WhiteTeam "Neratovice II"]
[BlackTeam "Mlada Boleslav"]
[WhiteTeamCountry "CZE"]
[BlackTeamCountry "CZE"]

1. e4 d6 2. d4 Nf6 3. Nc3 g6 4. Nf3 Bg7 5. Be2 a6 6. a4 0-0 7. 0-0 c6 8. a5 b5 9. axb6 Qxb6 10. Na4 Qc7 11. Bd3 Nbd7 12. Qe2 e6 13. Bd2 c5 14. c3 Bb7 15. b4 c4 16. Bc2 Qc6 17. Rfe1 Rfc8 18. Bg5 a5 19. Rab1 axb4 20. Rxb4 Rab8 21. Nd2 Ba6 22. Reb1 Rb5 23. Rxb5 Bxb5 24. Nb2 Qa6 25. Nd1 h6 26. Be3 e5 27. h3 Nh5 28. Nf3 Bc6 29. Qd2 Kh7 30. g4 Nhf6 31. d5 Bb5 32. Qc1 Nc5 33. Bxc5 Rxc5 34. Ra1 Qc8 35. Ne3 h5 36. g5 Ne8 37. Kh2 Bd7 38. h4 Bg4 39. Nd2 Be2 40. Ra7 f6 41. Qg1 fxg5 42. hxg5 Qb8 43. Qa1 Qd8 44. Ba4 Nc7 45. Bc6 Nb5 46. Rb7 Qxg5 47. Rxb5 Rxb5 48. Bxb5 Qh4+ 49. Kg1 Qg5+ 50. Kh2 Qh4+ 51. Kg1 1/2-1/2

[Event "CZE-chT 1819"]
[Site "Czech Republic"]
[Date "2019.04.21"]
[Round "11.2"]
[White "Bures, Jaroslav"]
[Black "Rehorek, Martin"]
[Result "1-0"]
[WhiteElo "2396"]
[BlackElo "2283"]
[PlyCount "125"]
[EventDate "2018.11.03"]
[EventType "team-tourn"]
[EventRounds "11"]
[EventCountry "CZE"]
[SourceTitle "CBM 190 Extra"]
[Source "ChessBase"]
[SourceDate "2019.07.15"]
[SourceVersion "1"]
[SourceVersionDate "2019.07.15"]
[SourceQuality "1"]
[WhiteTeam "Poruba Slavoj"]
[BlackTeam "Unichess II"]
[WhiteTeamCountry "CZE"]
[BlackTeamCountry "CZE"]

1. d4 Nf6 2. c4 e6 3. Nc3 Bb4 4. e3 c5 5. Nge2 d6 6. a3 Ba5 7. Rb1 0-0 8. b4 Bc7 9. Ng3 Nbd7 10. Be2 b6 11. 0-0 Bb7 12. d5 cxb4 13. axb4 exd5 14. Nxd5 a5 15. e4 axb4 16. Rxb4 Re8 17. f3 Ra1 18. Nxc7 Qxc7 19. Qd4 Qc5 20. Qxc5 dxc5 21. Rb2 g6 22. Bf4 Rea8 23. Bc7 Rxf1+ 24. Nxf1 Bc6 25. Ne3 Ne8 26. Bg3 Kf8 27. Nd5 Ra6 28. Kf2 f6 29. h4 Kf7 30. Ke3 Ng7 31. Kd2 Ne6 32. Bd3 Nd4 33. Bf2 Ne6 34. Be3 Ng7 35. g4 h5 36. g5 f5 37. Ke2 fxe4 38. fxe4 Ne6 39. Kd2 Kf8 40. Bf1 Ne5 41. Be2 Kf7 42. Ke1 Ra1+ 43. Kf2 Ra6 44. Nf6 Ke7 45. Rb1 Nd7 46. Nd5+ Kf7 47. Bc1 Ra4 48. Bb2 Nd4 49. Bxd4 cxd4 50. Rd1 Ke6 51. Nf4+ Kf7 52. Rxd4 Ne5 53. Rd6 Bxe4 54. Rf6+ Kg7 55. Re6 Ra5 56. Rxb6 Bc6 57. Ke3 Ba8 58. Re6 Kf7 59. Rf6+ Kg7 60. Kd4 Nc6+ 61. Kc3 Ra3+ 62. Kb2 Re3 63. Rxg6+ 1-0

[Event "CZE-chT 1819"]
[Site "Czech Republic"]
[Date "2019.01.13"]
[Round "6.1"]
[White "Rehorek, Martin"]
[Black "Cech, Pavel"]
[Result "1/2-1/2"]
[WhiteElo "2283"]
[BlackElo "2332"]
[PlyCount "62"]
[EventDate "2018.11.03"]
[EventType "team-tourn"]
[EventRounds "11"]
[EventCountry "CZE"]
[SourceTitle "CBM 188 Extra"]
[Source "ChessBase"]
[SourceDate "2019.02.26"]
[SourceVersion "1"]
[SourceVersionDate "2019.02.26"]
[SourceQuality "1"]
[WhiteTeam "Unichess II"]
[BlackTeam "Turnov Zikuda"]
[WhiteTeamCountry "CZE"]
[BlackTeamCountry "CZE"]

1. e4 e6 2. d4 d5 3. e5 c5 4. c3 Nc6 5. Nf3 Bd7 6. Be2 Nge7 7. h4 cxd4 8. cxd4 Qb6 9. Na3 Nf5 10. Nc2 h5 11. 0-0 Be7 12. g3 Rc8 13. Rb1 Nb4 14. Nxb4 Bxb4 15. b3 Bb5 16. Bb2 Qa6 17. Bxb5+ Qxb5 18. a3 Be7 19. a4 Qb6 20. Qd3 0-0 21. Rfc1 Rc6 22. Rc2 Rfc8 23. Rbc1 g6 24. Kg2 Kg7 25. Kf1 Qb4 26. Kg2 Bd8 27. Rxc6 Rxc6 28. Rxc6 bxc6 29. Qc3 Be7 30. Qxb4 Bxb4 31. Kf1 c5 1/2-1/2

[Event "CZE-chT2C 1819"]
[Site "Czech Republic"]
[Date "2018.12.16"]
[Round "5.1"]
[White "Meduna, Eduard"]
[Black "Rehorek, Martin"]
[Result "1/2-1/2"]
[WhiteElo "2403"]
[BlackElo "2283"]
[PlyCount "31"]
[EventDate "2018.10.14"]
[EventType "team-tourn"]
[EventRounds "11"]
[EventCountry "CZE"]
[SourceTitle "EXT 2022"]
[Source "ChessBase"]
[SourceDate "2021.10.06"]
[SourceVersion "1"]
[SourceVersionDate "2021.10.06"]
[SourceQuality "1"]
[WhiteTeam "Lysa nad Labem III"]
[BlackTeam "Mlada Boleslav"]
[WhiteTeamCountry "CZE"]
[BlackTeamCountry "CZE"]

1. d4 Nf6 2. Bg5 Ne4 3. Bf4 e6 4. Nd2 d5 5. Nxe4 dxe4 6. e3 Bd6 7. f3 Bxf4 8. exf4 Qd5 9. Qd2 Nc6 10. c3 0-0 11. Be2 b6 12. Qe3 exf3 13. Nxf3 Bb7 14. 0-0 Ne7 15. Qe5 Ng6 16. Qxd5 1/2-1/2

[Event "CZE-chT 1819"]
[Site "Czech Republic"]
[Date "2018.12.01"]
[Round "3.1"]
[White "Babula, Vlastimil"]
[Black "Rehorek, Martin"]
[Result "1/2-1/2"]
[WhiteElo "2522"]
[BlackElo "2283"]
[PlyCount "81"]
[EventDate "2018.11.03"]
[EventType "team-tourn"]
[EventRounds "11"]
[EventCountry "CZE"]
[SourceTitle "CBM 187 Extra"]
[Source "ChessBase"]
[SourceDate "2018.11.04"]
[SourceVersion "1"]
[SourceVersionDate "2018.11.04"]
[SourceQuality "1"]
[WhiteTeam "Novoborsky"]
[BlackTeam "Unichess II"]
[WhiteTeamCountry "CZE"]
[BlackTeamCountry "CZE"]

1. d4 Nf6 2. c4 e6 3. Nc3 Bb4 4. e3 c5 5. Nge2 d6 6. a3 Ba5 7. Bd2 0-0 8. dxc5 dxc5 9. Qc2 Nc6 10. Ng3 b6 11. Rd1 Qe7 12. Bd3 Bb7 13. 0-0 Rad8 14. f4 Rd7 15. Bc1 Bxc3 16. Qxc3 Rfd8 17. b3 Ng4 18. h3 Qh4 19. Ne2 Nh6 20. Bb2 f6 21. Qc2 Nf7 22. Kh2 Qh6 23. Ng3 Qh4 24. Qe2 f5 25. e4 fxe4 26. Bxe4 Rxd1 27. Rxd1 Qxf4 28. Rf1 Qc7 29. Qh5 Nh6 30. Bc1 Nd4 31. Bf4 Qd7 32. Bxh6 gxh6 33. Rf4 Bxe4 34. Nxe4 Qc7 35. Qxh6 Ne2 36. Qg5+ Kh8 37. Qf6+ Kg8 38. Qg5+ Kh8 39. Qf6+ Kg8 40. Qxe6+ Kh8 41. Qf6+ 1/2-1/2

[Event "CZE-chT2B 1718"]
[Site "Czech Republic"]
[Date "2017.12.03"]
[Round "4.1"]
[White "Rehorek, Martin"]
[Black "Hinks Edwards, Thomas RJ"]
[Result "0-1"]
[WhiteElo "2262"]
[BlackElo "2363"]
[PlyCount "110"]
[EventDate "2017.10.15"]
[EventType "team-tourn"]
[EventRounds "11"]
[EventCountry "CZE"]
[SourceTitle "EXT 2022"]
[Source "ChessBase"]
[SourceDate "2021.10.06"]
[SourceVersion "1"]
[SourceVersionDate "2021.10.06"]
[SourceQuality "1"]
[WhiteTeam "Mlada Boleslav"]
[BlackTeam "Kobylisy"]
[WhiteTeamCountry "CZE"]
[BlackTeamCountry "CZE"]

1. e4 c5 2. Nf3 d6 3. d4 cxd4 4. Nxd4 Nf6 5. Nc3 e6 6. f3 a6 7. Be3 b5 8. Qd2 Nbd7 9. g4 Nb6 10. 0-0-0 Bb7 11. Qf2 Nfd7 12. a3 Rc8 13. Qe1 Ne5 14. Kb1 Nbc4 15. Bc1 Qc7 16. f4 Nxg4 17. Rg1 Nf6 18. Rg3 Be7 19. b3 Nb6 20. Bb2 g6 21. e5 dxe5 22. fxe5 Nfd7 23. Re3 0-0 24. Bh3 Nc5 25. Bg4 Nd5 26. Nxd5 Bxd5 27. h4 Rfd8 28. Qd2 Bf8 29. Rf1 Bg7 30. Qe2 Rd7 31. Nf3 Bxf3 32. Rexf3 Rf8 33. h5 Rd5 34. Re3 Rfd8 35. hxg6 hxg6 36. Qf2 Rd2 37. Qe1 Na4 38. Qc1 Nxb2 39. Qxb2 R2d5 40. Rfe1 Rc5 41. b4 Rcd5 42. Bf3 Rd4 43. Qb3 Rc8 44. Qb2 Rc4 45. R1e2 Rd8 46. Re1 Rd2 47. Bd1 Rf2 48. Be2 Rh4 49. Bd3 Rfh2 50. Ka2 Rh1 51. a4 Rxe1 52. Rxe1 Rh5 53. axb5 axb5 54. Bxb5 Bxe5 55. Qb3 Bc3 0-1

[Event "CZE-chT1W 1718"]
[Site "Czech Republic"]
[Date "2017.10.29"]
[Round "1.4"]
[White "Rehorek, Martin"]
[Black "Kolar, Pavel"]
[Result "1/2-1/2"]
[WhiteElo "2263"]
[BlackElo "2189"]
[PlyCount "26"]
[EventDate "2017.10.29"]
[EventType "team-tourn"]
[EventRounds "11"]
[EventCountry "CZE"]
[SourceTitle "CBM 181 Extra"]
[Source "ChessBase"]
[SourceDate "2017.12.12"]
[SourceVersion "1"]
[SourceVersionDate "2017.12.12"]
[SourceQuality "1"]
[WhiteTeam "Unichess"]
[BlackTeam "Lysa nad Labem III"]
[WhiteTeamCountry "CZE"]
[BlackTeamCountry "CZE"]

1. Nf3 e6 2. c4 Nf6 3. g3 Be7 4. Bg2 0-0 5. 0-0 d5 6. b3 b6 7. Bb2 Bb7 8. e3 Nbd7 9. Nc3 Rc8 10. Qe2 c5 11. Rfd1 dxc4 12. bxc4 Bxf3 13. Bxf3 Ne5 1/2-1/2

[Event "CZE-chT2B 1617"]
[Site "Czech Republic"]
[Date "2017.04.02"]
[Round "11.1"]
[White "Horak, Michal"]
[Black "Rehorek, Martin"]
[Result "1/2-1/2"]
[WhiteElo "2326"]
[BlackElo "2245"]
[PlyCount "95"]
[EventDate "2016.10.09"]
[EventType "team-tourn"]
[EventRounds "11"]
[EventCountry "CZE"]
[SourceTitle "EXT 2022"]
[Source "ChessBase"]
[SourceDate "2021.10.06"]
[SourceVersion "1"]
[SourceVersionDate "2021.10.06"]
[SourceQuality "1"]
[WhiteTeam "Most Chess"]
[BlackTeam "Mlada Boleslav"]
[WhiteTeamCountry "CZE"]
[BlackTeamCountry "CZE"]

1. Nf3 Nf6 2. g3 b5 3. Bg2 Bb7 4. 0-0 e6 5. d3 Be7 6. c4 bxc4 7. dxc4 0-0 8. Nc3 Ne4 9. Qc2 Nxc3 10. Qxc3 Na6 11. Bf4 Nc5 12. Rad1 a5 13. b3 d6 14. Be3 Bf6 15. Qc1 Qe7 16. Bxc5 dxc5 17. a4 e5 18. Nd2 Bxg2 19. Kxg2 e4 20. e3 Rab8 21. Qc2 Rfe8 22. Nb1 c6 23. Nc3 Qe6 24. Ne2 Qg4 25. f3 exf3+ 26. Rxf3 Red8 27. Rxd8+ Rxd8 28. Rf5 Be7 29. h3 Qg6 30. e4 Qd6 31. Rf3 Bf6 32. Nf4 Re8 33. h4 h6 34. Rf2 Bd4 35. Re2 Qd7 36. Qd3 Qg4 37. Re1 g5 38. hxg5 hxg5 39. Nh3 f5 40. Qe2 Qxe2+ 41. Rxe2 fxe4 42. Nxg5 Rb8 43. Rxe4 Rxb3 44. Ne6 Rb4 45. Nxd4 cxd4 46. Rxd4 Rxa4 47. Kf3 Rb4 48. Ke4 1/2-1/2